Taller de atención de niños con problemas de aprendizaje con la participación de educadores comunitarios

Guardat en:
Dades bibliogràfiques
Autors principals: Vaccaro C., Liliana (Autor), Schiefelbein F., Ernesto (Autor)
Format: Llibre
Idioma:espanyol
Publicat: Santiago P.I.I.E 1981
Matèries:
Etiquetes: Afegir etiqueta
Sense etiquetes, Sigues el primer a etiquetar aquest registre!

MARC

LEADER 00000nam a2200000 a 4500
001 UCU1013
003 CL-VaPUC
008 960329e19810000CL |||||||||||||||||spa|d
082 0 4 |a 371.904  |b VAC  |2 21 
100 0 |a Vaccaro C., Liliana  |e author  |9 356593 
700 0 |a Schiefelbein F., Ernesto  |e author  |9 356594 
245 1 0 |a Taller de atención de niños con problemas de aprendizaje con la participación de educadores comunitarios 
300 |a 61 p 
942 |c BK 
945 |d 19960329 00:00:00  |a lriquelm 
260 |a Santiago  |b P.I.I.E  |c 1981 
650 0 |a Educación especial  |9 307486 
650 0 |a Alumnos atípicos  |9 340239 
650 7 |a CENTROS DE EDUCACION ESPECIAL  |2 CL-VaPUC  |9 340792 
650 0 |a Métodos de enseñanza  |9 270413 
650 0 |a Talleres educacionales   |9 339158 
583 |a last modification  |c 20170907 12:59:46  |k Rodrigo Vera 
999 |c 245785  |d 245783 
952 |0 0  |1 0  |4 0  |6 371_904000000000000_VAC_1981  |7 0  |8 P  |9 260384  |a BIBEDU  |b BIBEDU  |c BIBEDU_PB  |d 2019-11-19  |i 163982K  |o 371.904 VAC 1981  |p 163982K  |r 2024-01-25  |w 2019-11-19  |y BK  |k EDU